Artículos desconocidos, 1897-1904 / (Registro nro. 6809)

Detalles MARC
000 -LEADER
fixed length control field 01151cam a2200277 i 4500
003 - CONTROL NUMBER IDENTIFIER
control field OSt
005 - DATE AND TIME OF LATEST TRANSACTION
control field 20221213110543.0
008 - FIXED-LENGTH DATA ELEMENTS--GENERAL INFORMATION
fixed length control field 780426t1977 sp b 000 0 spa
020 ## - INTERNATIONAL STANDARD BOOK NUMBER
International Standard Book Number 8470392565
040 ## - CATALOGING SOURCE
Original cataloging agency DLC
Transcribing agency CO-JMCR
041 0# - LANGUAGE CODE
Language code of text/sound track or separate title spa
082 04 - DEWEY DECIMAL CLASSIFICATION NUMBER
Classification number 335.0946 /
Item number M186a
Edition number 23
100 1# - MAIN ENTRY--PERSONAL NAME
Personal name Maeztu, Ramiro de,
Relator term autor
9 (RLIN) 9497
245 10 - TITLE STATEMENT
Title Artículos desconocidos, 1897-1904 /
Statement of responsibility, etc. Ramiro de Maeztu ; edición, introducción y notas de E. Inman Fox.
260 ## - PUBLICATION, DISTRIBUTION, ETC.
Place of publication, distribution, etc. Madrid :
Name of publisher, distributor, etc. Castalia,
Date of publication, distribution, etc. ©1977
300 ## - PHYSICAL DESCRIPTION
Extent 277 páginas ;
Dimensions 19 cm.
490 0# - SERIES STATEMENT
Series statement Biblioteca de pensamiento ;
Volume/sequential designation 4
504 ## - BIBLIOGRAPHY, ETC. NOTE
Bibliography, etc. note Bibliografía: páginas [48]-49
520 0# - SUMMARY, ETC.
Summary, etc. Entre los intelectuales españoles de este siglo, tal vez sólo José Ortega y Gasset y Miguel de unamuno han superado a Ramiro De Maeztu (1874-1936) en intensidad de pensamiento e influencia en las corrientes socio-políticas.
600 10 - SUBJECT ADDED ENTRY--PERSONAL NAME
Personal name Maeztu, Ramiro de,
9 (RLIN) 9498
650 14 - SUBJECT ADDED ENTRY--TOPICAL TERM
Topical term or geographic name entry element Socialistas
General subdivision Biografía
Geographic subdivision España
9 (RLIN) 9499
650 24 - SUBJECT ADDED ENTRY--TOPICAL TERM
Topical term or geographic name entry element Socialismo
General subdivision España
9 (RLIN) 9500
650 24 - SUBJECT ADDED ENTRY--TOPICAL TERM
Topical term or geographic name entry element Artículos periodísticos vascos
Geographic subdivision España
Chronological subdivision Siglos XIX-XX
9 (RLIN) 9501
700 1# - ADDED ENTRY--PERSONAL NAME
Personal name Inman Fox, E.,
Relator term editor
9 (RLIN) 9502
942 ## - ADDED ENTRY ELEMENTS (KOHA)
Source of classification or shelving scheme Dewey Decimal Classification
Koha item type Books
Existencias
Withdrawn status Lost status Source of classification or shelving scheme Damaged status Not for loan Home library Current library Shelving location Date acquired Source of acquisition Coded location qualifier Full call number Barcode Date last seen Copy number Price effective from Koha item type
    Dewey Decimal Classification     Biblioteca Pública José María del Castillo y Rada Biblioteca Pública José María del Castillo y Rada General Stacks 04/15/2018 Donación $0. 335.0946 / M186a 201809988 05/16/2024 Ej.1 04/15/2018 Books